Manažeři územní správy.
Rozbor pojmu manažér územnej správy. Štyri typy týchto manažérov: spoločenský leader; spoločenský predstaviteľ; administratívny inovátor a administratívny úradník. Pracovná orientácia (podstatné charakteristiky) základných typov manažérov územnej správy.
Guardado en:
| Autor principal: | |
|---|---|
| Formato: | Capítulo de libro |
| Lenguaje: | checo |
| Materias: | |
| Etiquetas: |
Sin Etiquetas, Sea el primero en etiquetar este registro!
|
MARC
| LEADER | 00000naa a2200000 4500 | ||
|---|---|---|---|
| 001 | r011800 | ||
| 005 | 20220826093728.0 | ||
| 041 | 0 | |a cze | |
| 044 | |a [CS] | ||
| 245 | 1 | 0 | |a Manažeři územní správy. |c V. Kusák |
| 520 | |a Rozbor pojmu manažér územnej správy. Štyri typy týchto manažérov: spoločenský leader; spoločenský predstaviteľ; administratívny inovátor a administratívny úradník. Pracovná orientácia (podstatné charakteristiky) základných typov manažérov územnej správy. | ||
| 610 | 2 | 0 | |a manažéri |
| 610 | 2 | 0 | |a manažment |
| 610 | 2 | 0 | |a správa miestna |
| 610 | 2 | 0 | |a pojmy |
| 100 | 1 | |a Kusák, V. | |